Statistiken für Kader Bayer 04 Leverkusen

Klicken Sie hier um das Quiz zu spielen!

Allgemein

  • Dieses Quiz wurde 408 mal gespielt
    (183 seit der letzten Aktualisierung)
  • Das Durchschnittsergebnis liegt bei 19 aus 28

Antwortstatistiken

#Spieler% Korrekt
10Florian Wirtz
97%
4Jonathan Tah
95%
22Victor Boniface
94%
1Lukáš Hrádecký
92%
20Alejandro Grimaldo
90%
30Jeremie Frimpong
89%
7Jonas Hofmann
89%
34Granit Xhaka
86%
14Patrik Schick
83%
8Robert Andrich
83%
12Edmond Tapsoba
82%
25Exequiel Palacios
79%
Xabi Alonso
79%
21Amine Adli
76%
3Piero Hincapié
74%
2Josip Stanisic
67%
19Nathan Tella
66%
6Odilon Kossounou
63%
23Adam Hlozek
62%
17Matej Kovar
62%
36Niklas Lomb
57%
11Nadiem Amiri
50%
18Noah Mbamba
38%
13Arthur
37%
32
Gustavo Puerta
36%
24Timothy Fosu-Mensah
36%
31Madi Monamay
21%
47Ayman Aourir
18%

Verteilung der Resultate

Perzentil nach korrekt beantworteten Fragen

Anzahl Personen mit jedem Resultat

Ihre Resultats-Entwicklung

Sie haben dieses Quiz seit der letzten Aktualisierung nicht gespielt